Statistics for Capital Cities beginning with the letter 'C'

Click here to take the quiz!

General Stats

  • This quiz has been taken 269 times
    (251 since last reset)
  • The average score is 5 of 9

Answer Stats

AnswerCountry% Correct
CanberraAustralia
82%
CairoEgypt
78%
CaracasVenezuela
78%
CopenhagenDenmark
67%
Cape TownSouth Africa
56%
ChisinauMoldova
56%
ConakryGuinea
49%
CastriesSt Lucia
46%
ColomboSri Lanka
37%

Score Distribution

Percentile by Number Answered

Percent of People with Each Score

Your Score History

You have not taken this quiz since the last reset